000 00495nam a2200169Ia 4500
005 20250923144646.0
008 008 250917s9999 xx 000 0 eng d
037 _aReference
040 _aDSWL
_beng
_cDSWL
041 _aeng
_2eng
084 _qDSWL
245 0 _aIndian Journal of Agricultureal Economu
_cby Indian Society of Agrecultural Economics
260 _aBombay
_bIndian Society of Agrecultural Economics
_c1958
300 _a513p.
942 _cREF
999 _c1441714
_d1441714